| 000 | 01133nam a22003257a 4500 | ||
|---|---|---|---|
| 003 | EG-ScBUE | ||
| 005 | 20220622142330.0 | ||
| 008 | 110525s2010 enka f 000 d eng d | ||
| 020 | _a9781405892087 | ||
| 020 | _a9781408208885 (CD-ROM) | ||
| 040 |
_aEG-ScBUE _beng _erda _cEG-ScBUE _dEG-ScBUE |
||
| 082 | 0 | 4 |
_222 _a822.33 _bSHA |
| 100 | 1 |
_97572 _a Shakespeare, William, _d1564-1616, _eauthor. |
|
| 245 | 1 | 0 |
_aKing Lear / _cWilliam Shakespeare ; retold by Chris Rice. |
| 264 | 1 |
_aHarlow, England : _bPearson Education Limited, _c2010. |
|
| 300 |
_aviii, 54 pages : _billustrations ; _c20 cm. |
||
| 336 |
_2rdacontent _atext _btxt |
||
| 337 |
_2rdamedia _aunmediated _bn |
||
| 338 |
_2rdacarrier _avolume _bnc |
||
| 490 | 0 |
_aPenguin readers ; _vlevel 3 |
|
| 521 | _aA2: Pre-Intermediate | ||
| 600 | 0 | 7 |
_aLear, _cKing of England (Legendary character) _vDrama. _2BUEsh |
| 650 | 7 |
_aInheritance and succession _vDrama. _2BUEsh |
|
| 650 | 7 |
_aFathers and daughters _vDrama. _2BUEsh |
|
| 651 | _2BUEsh | ||
| 653 |
_cMay2011 _bHHUUEENN |
||
| 655 |
_vReading book _934232 |
||
| 700 | 1 |
_924045 _aRice, Chris, _econtributor. |
|
| 942 |
_2ddc _cBB |
||
| 999 |
_c15383 _d15383 |
||